LEADER 01925nam a2200409 a 4500 001 000000124451 003 CaOOAMICUS 005 20110301102621.0 008 110228s2003 it u000 u ita r 020 $a88-16-40613-5 040 $aPUL$bita 082 04$a271 100 1 $aBiffi, Inos,$csac.,$d1934-$0(OLS)http://pul/name/1663 245 10$aFede, poesia e canto del mistero di Cristo :$bin Ambrogio, Agostino e Paolino di Aquileia /$cInos Biffi ; presentazione di Luciano Migliavacca. 260 $aMilano :$bJaca Book,$c©2003. 300 $a129 p. ;$c23 cm 490 1 $aBiblioteca di cultura medievale 490 1 $aDi fronte e attraverso ;$v613 504 $aBibliografia in nota. 600 04$aAmbrosius,$cs., vesc. di Milano,$dc. 340-397$xTeologia.$0(OLS)http://pul/subject/36309 600 04$aAugustinus,$cs., vesc. d'Ippona,$d354-430$xTeologia.$0(OLS)http://pul/subject/1392 600 04$aPaulinus,$cs., patriarca d'Aquileia,$dm. 802$xCristologia.$0(OLS)http://pul/subject/37461 650 04$aFede.$0(OLS)http://pul/subject/668 650 04$aCristologia.$0(OLS)http://pul/subject/1402 700 1 $aMigliavacca, Luciano.$0(OLS)http://pul/name/78602 830 0$aDi fronte e attraverso ;$v613.$0(OLS)http://pul/title/138 830 0$aBiblioteca di cultura medievale.$0(OLS)http://pul/title/2253 850 $aPUL 852 $aPUL$W1$xSL Religione 3$y85$m271 COLL 1.613$j143262$qDDC 21$B142300$CPULBib$Z2$F142300 $H115472 $82 941 1 $a9 960 $aIesus Christus$91402 960 $aIesus Christus$91402 996 $6020$a88-16-40613-5$9(OLS)http://pul/number/146455 996 $6082$a271$9(OLS)http://pul/classification/284 996 $6245$aFede, poesia e canto del mistero di Cristo :$bin Ambrogio, Agostino e Paolino di Aquileia$9(OLS)http://pul/title/156879 996 $6260$aMilano :$bJaca Book$9(OLS)http://pul/publisher/47900 LEADER 00971naa a2200217 u 4500 001 000000094447 003 CaOOAMICUS 005 20070226130138.0 008 040426s1975 it u000 u ita u 035 $a10991931 040 $aIAR$bita 100 1 $aViolante, Cinzio,$d1921-$0(OLS)http://pul/name/1223 245 13$aLa povertà nelle eresie del secolo XI in occidente /$cCinzio Violante. 250 $a2. ed.$briveduta e accresciuta. 260 $aMilano :$bVita e pensiero,$c1975. 300 $aS. 69-110, ;$c21 cm 650 4$aEresie ed eretici$xStoria$ySec. XI.$0(OLS)http://pul/subject/30162 773 0 $aStudi culla cristianità medioevale : Società, istituzioni, spiritualità. 773 0 $aViolante, Cinzio.$tStudi sulla cristianità medioevale : società istituzioni spiritualità$w()12503 996 $6245$aLa povertà nelle eresie del secolo XI in occidente$9(OLS)http://pul/title/121315 996 $6260$aMilano :$bVita e pensiero$9(OLS)http://pul/publisher/48016 LEADER 01583nam a2200325 u 4500 001 000000047401 003 CaOOAMICUS 005 20070226114900.0 008 990927s1999 fr u000 u fre u 020 $a2711613984 035 $a10833231 040 $aBAV$bita$dPUL(R) 041 0 $afre$alat 100 1 $aBoureau, Alain,$d1946-$0(OLS)http://pul/name/34453 245 10$aPierre de Jean Olivi (1248-1298), pensée scolastique, dissidence spirituelle et société :$bactes du colloque de Narbonne (mars 1998) /$cédités par Alain Boureau et Sylvain Piron. 260 $aParis :$bJ. Vrin,$c1999. 300 $a412 p. ;$c24 cm 490 1 $aEtudes de philosophie médiévale ;$v79 504 $a"Bibliographie": p. 389-399. 600 14$aOlivi, Pierre de Jean,$cO.F.M.,$d1248-1298$xCritica e interpretazione.$0(OLS)http://pul/subject/2089 650 4$aScolastica.$0(OLS)http://pul/subject/1014 700 12$aPiron, Sylvain.$0(OLS)http://pul/name/34454 830 0$aEtudes de philosophie médiévale ;$v79.$0(OLS)http://pul/title/1367 850 $aPUL 852 $aPUL$W1$xSL Filosofia 2$y80$mPhil A4 79$j63350$nBK-PRI$b $qStampati altre collocazioni$B63350$CPULBib$Z2$F63350 $H $81 941 1 $a10 961 $aINV: 81192 996 $6020$a2711613984$9(OLS)http://pul/number/59175 996 $6245$aPierre de Jean Olivi (1248-1298), pensée scolastique, dissidence spirituelle et société :$bactes du colloque de Narbonne (mars 1998)$9(OLS)http://pul/title/63809 996 $6260$aParis :$bJ. Vrin$9(OLS)http://pul/publisher/48393